|
|
|
|
| LEADER |
01165nam a2200217 a 4500 |
| 001 |
23251 |
| 003 |
BD-DhAAL |
| 005 |
20180917120441.0 |
| 008 |
141202s2011 bg l000 0 ben |
| 999 |
|
|
|c 33176
|d 33176
|
| 040 |
|
|
|a DB-DhAAL
|c DB-DhAAL
|
| 082 |
0 |
0 |
|a 354.549/20072225/05
|2 22
|
| 245 |
0 |
0 |
|a জেন্ডার বাজেট প্রতিবেদন :
|b (বিশটি মন্ত্রণালয়/বিভাগ) /
|
| 260 |
|
|
|a ঢাকা :
|b অর্থ মন্ত্রণালয়, গণপ্রজাতন্ত্রী বাংলাদেশ সরকার,
|c ২০১১.
|
| 300 |
|
|
|a ১০৬ পৃ. ;
|c ২৮ সে.মি.
|
| 541 |
|
|
|e 23251
|
| 650 |
|
0 |
|a Budget
|z Bangladesh
|v Statistics
|v Periodicals.
|9 1774
|
| 710 |
2 |
|
|a গণপ্রজাতন্ত্রী বাংলাদেশ সরকার
|b অর্থ বিভাগ, অর্থ মন্ত্রণালয়
|9 1775
|
| 852 |
1 |
|
|a Ayesha Abed Library
|c General Shelf.
|
| 942 |
|
|
|2 ddc
|c BK
|
| 952 |
|
|
|0 0
|1 0
|2 ddc
|4 0
|6 354_549272225050000_GEN
|7 0
|9 44282
|a BRACUL
|b BRACUL
|c GEN
|d 2014-12-02
|l 0
|o 354.54927222505 GEN
|p 3010023351
|r 2014-12-02
|t 1
|w 2014-12-02
|y BK
|